000 00709cam a2200265 i 4500
001 4651952
003 OSt
005 20230607083507.0
008 790731s1979 enka b 001 0 eng
010 _a 79310622
020 _a041334200X
040 _aDLC
_cDLC
_dDLC
043 _ae-uk---
050 0 0 _aHV8195.A2
_bW48
082 0 0 _a363.2/0941
100 1 _aWhitaker, Ben,
_d1934-2014.
245 1 4 _aThe police in society /
_cBen Whitaker.
260 _aLondon :
_bMethuen,
_c1979.
300 _a351 p. :
_bill. ;
_c23 cm.
500 _aIncludes index.
504 _aBibliography: 334-343.
650 0 _aPolice
_zGreat Britain.
906 _a7
_bcbc
_corignew
_d4
_encip
_f19
_gy-gencatlg
942 _2ddc
_cBK
999 _c759
_d759